S. Chands's New Awareness Social Studies; (Record no. 208310)
[ view plain ]
| 000 -LEADER | |
|---|---|
| fixed length control field | 00598nam a22001937a 4500 |
| 005 - DATE AND TIME OF LATEST TRANSACTION | |
| control field | 20250109160014.0 |
| 010 ## - LCCN (DPL NO) | |
| LC control number | B-761651 |
| 020 ## - INTERNATIONAL STANDARD BOOK NUMBER | |
| International Standard Book Number | 9789355019684 |
| Terms of availability | 395.00 |
| 035 ## - SYSTEM CONTROL NUMBER | |
| System control number | B-761651 |
| 037 ## - SOURCE OF ACQUISITION | |
| Source of stock number/acquisition | Gift |
| 082 ## - DEWEY DECIMAL CLASSIFICATION NUMBER | |
| Classification number | 300 |
| 100 ## - MAIN ENTRY--PERSONAL NAME | |
| Personal name | Chowdhry, N.K. |
| 245 ## - TITLE STATEMENT | |
| Title | S. Chands's New Awareness Social Studies; |
| Remainder of title | book 2/ |
| Statement of responsibility, etc | N.K. Chowdhry and Sree Devi Gundapaneni |
| 260 ## - PUBLICATION, DISTRIBUTION, ETC. (IMPRINT) | |
| Place of publication, distribution, etc | New Delhi |
| Name of publisher, distributor, etc | S. Chand |
| Date of publication, distribution, etc | 2024 |
| 300 ## - PHYSICAL DESCRIPTION | |
| Extent | 140p. |
| Dimensions | 28cm(pb) |
| 700 ## - ADDED ENTRY--PERSONAL NAME | |
| Personal name | Gundapaneni, Sree Devi |
| 9 (RLIN) | 76264 |
| 942 ## - ADDED ENTRY ELEMENTS (KOHA) | |
| Source of classification or shelving scheme | Dewey Decimal Classification |
| Item type | Children Books |
| Classification part | 300 |
| Call number suffix | CHO |
| Withdrawn status | Lost status | Not for loan | Collection code | Home library | Current library | Date acquired | Source of acquisition | Cost, normal purchase price | Full call number | Barcode | Copy number | Cost, replacement price | Koha item type | Public note |
|---|---|---|---|---|---|---|---|---|---|---|---|---|---|---|
| Non-fiction | RC3 Shakur Pur | RC3 Shakur Pur | 09/01/2025 | Gift/8.1.25 | 395.00 | 300 CHO | B-761651 | 1 | 395.00 | Children Books | Gift |
